| 000 | 00620nam a2200121Ia 4500 | ||
|---|---|---|---|
| 008 | 220620s9999||||xx |||||||||||||| ||und|| | ||
| 100 | _aSchwarz, Gottfried||Octavian Dumitru, Corneliu||Datcu, Mihai | ||
| 245 | 0 | _aChapter Deep Learning Training and Benchmarks for Earth Observation Images: Data Sets, Features, and Procedures | |
| 546 | _aEnglish[eng] | ||
| 650 | _aEarth observation, synthetic aperture radar, multispectral, machine learning, deep learning | ||
| 856 | _uhttps://library.oapen.org/bitstream/20.500.12657/49351/1/70789.pdf||https://library.oapen.org/bitstream/20.500.12657/49351/1/70789.pdf | ||
| 942 | _cEB | ||
| 999 |
_c34015 _d34015 |
||